000 00992nam0a22003011 4500
001 v19\rc\1641593
005 20250619000235.0
035 _a(NLR Aleph) 004754764
090 _a4554189
_c4554189
100 _a20061002d1885 |||y0rusy50 ca
101 0 _arus
102 _aRU
105 _ay z |||||
200 1 _aУпрощенное умножение и деление каких угодно чисел
_f[Соч.] П.В. Преображенского
205 _a2-е изд.
210 _aМосква
_cтип. М.Г. Волчанинова (б. М.Н. Лаврова и К°)
_d1885
215 _a52 с.
_d16
700 1 _aПреображенский
_bП.В.
_f1851-
_gПетр Васильевич
801 0 _aRU
_bNLR
_gpsbo
801 0 _aRU
_bRuMoRGB
_2psbo
801 1 _aRU
_bProSoft-M
_2rusmarc
852 _aNLR
_j18.276.6.451
899 _aRuMoRGB
_jU 375/593
899 _aRuMoRGB
_jU 209/1316
899 _aБАН
899 _aНБ МГУ
942 _cBOOK
980 _aNB